A modern law of nations : An introduction

Saved in:
Bibliographic Details
Main Author: Jessup, Philip C.
Format: Book
Language:Undetermined
Published: New York Macmillan 1948
Subjects:
Tags: Add Tag
No Tags, Be the first to tag this record!
Institutions: Trung tâm Học liệu Trường Đại học Cần Thơ
LEADER 00496nam a2200193Ia 4500
001 CTU_89614
008 210402s9999 xx 000 0 und d
082 |a 341 
082 |b J58 
100 |a Jessup, Philip C. 
245 2 |a A modern law of nations : 
245 3 |b An introduction 
245 0 |c Philip C. Jessup 
260 |a New York 
260 |b Macmillan 
260 |c 1948 
650 |a International law 
904 |i Bằng 
980 |a Trung tâm Học liệu Trường Đại học Cần Thơ